[Event "Sosnivka Christmas op"]
[Site "Sosnivka"]
[Date "2023.01.15"]
[Round "1"]
[White "Revutskyi, Matvii"]
[Black "Soroka, Denys"]
[Result "0-1"]
[WhiteElo "1083"]
[BlackElo "1624"]
[PlyCount "86"]
[EventDate "2023.01.13"]
[EventType "swiss"]
[EventRounds "9"]
[EventCountry "UKR"]
[SourceTitle "EXT 2024"]
[Source "ChessBase"]
[SourceDate "2023.10.10"]
[SourceVersion "1"]
[SourceVersionDate "2023.10.10"]
[SourceQuality "1"]

1. e4 e5 2. Nf3 Nc6 3. Bc4 Bc5 4. 0-0 d6 5. d3 Nf6 6. h3 h6 7. Nc3 0-0 8. a3 Be6 9. b4 Bb6 10. Bb5 Nd4 11. Nxd4 Bxd4 12. Bb2 c6 13. Ba4 b5 14. Bb3 Bxb3 15. cxb3 Qb6 16. Rb1 Nh7 17. Qd2 f5 18. exf5 Rxf5 19. Ne4 d5 20. Bxd4 Qxd4 21. Ng3 Rg5 22. Kh1 Rf8 23. a4 Rg6 24. axb5 cxb5 25. Ra1 Ng5 26. Ra5 Nxh3 27. Ne2 Nxf2+ 28. Kg1 Qh4 29. Ng3 Nh3+ 30. Kh1 Rxf1+ 31. Nxf1 Nf2+ 32. Kg1 Qh1+ 33. Kxf2 Rxg2+ 34. Ke1 Rxd2 35. Kxd2 Qxf1 36. Rxb5 Qf2+ 37. Kd1 Qd4 38. Rb8+ Kh7 39. Rb7 Qxd3+ 40. Ke1 e4 41. b5 e3 42. b6 Qd2+ 43. Kf1 Qf2# 0-1